| 000 | 00920cam a22002893a 4500 | ||
|---|---|---|---|
| 001 | 24847 | ||
| 003 | PGUSA | ||
| 005 | 20140828083532.0 | ||
| 008 | 080316s2008||||xxu|||||s|||||000 p eng d | ||
| 040 |
_aPGUSA _beng |
||
| 042 | _adc | ||
| 050 | 4 | _aPQ | |
| 100 | 1 |
_aDeus, João de, _d1830-1896 |
|
| 245 | 1 | 0 |
_aRamo de Flores : _bacompanhado de varias criticas das Flores do Campo _h[electronic resource] / _cJoão de Deus |
| 260 |
_bProject Gutenberg, _c2008 |
||
| 506 | _aPublic domain in the USA. | ||
| 516 | _aElectronic text | ||
| 653 | _aPortuguese poetry | ||
| 653 | _aDeus, João de, 1830-1896. Flores do campo | ||
| 700 | 1 |
_aCordeiro, Luciano, _d1844-1900 |
|
| 700 | 1 |
_aConceição, Alexandre da, _d1842-1889 |
|
| 700 | 1 |
_aFigueiredo, Cândido de, _d1846-1925 |
|
| 700 | 1 | _aTorrezão, Guiomar D. | |
| 830 | 0 |
_aProject Gutenberg _v24847 |
|
| 856 | 4 | 0 | _uhttp://www.gutenberg.org/ebooks/24847 |
| 942 | _cEB | ||
| 999 |
_c254102 _d254102 |
||